000 00964nam a2200181 a 4500
008 211119s2013 ||||||||||||||||| || u
020 _a9781409450023
050 _aK 3240 Leg
100 _aMenuge, Angus J.L
245 1 0 _aLegitimizing Human Rights: Secular and Religious Perspectives
_cEdited by Angus J.L Menuge
260 _aUSA
_bAshgate
_c2013
300 _axi,218 pages: illustration
650 _aHUMAN RIGHTS--RELIGIOUS ASPECTS
650 0 _aHUMAN RIGHTS
995 _aMAIN LIBRARY OPEN ACCESS
_e751158
_FCBU-MAIN LIBRARY (Kitwe)
_I151.93
_jK 3240 Leg
_M2
_UAVAILABLE
_WNov 19, 2021
_y751158
_ZMain Library Open Access Collection
995 _aMAIN LIBRARY OPEN ACCESS
_e751157
_FCBU-MAIN LIBRARY (Kitwe)
_I151.93
_jK 3240 Leg
_M1
_UAVAILABLE
_WNov 19, 2021
_y751157
_ZMain Library Open Access Collection
995 _aMAIN LIBRARY OPEN ACCESS
_e751159
_FCBU-MAIN LIBRARY (Kitwe)
_I151.93
_jK 3240 Leg
_M3
_UAVAILABLE
_WNov 19, 2021
_y751159
_ZMain Library Open Access Collection
999 _c80492
_d80492